| 000 | 00672nam a2200217 i 4500 | ||
|---|---|---|---|
| 001 | bgj | ||
| 100 | 1 | _aABBS, Brian | |
| 245 | 1 | 0 |
_aSky : _bstudents' book : podręcznik do szkoły podstawowej / _cBrian Abbs, Ingrid Freebairn ; Dorota Sapiejewska. |
| 260 |
_aHarlow, Essex : _bLongman, _c2005. |
||
| 300 |
_a119 pp : _bill. ; _c30 cm. |
||
| 650 | 9 |
_aEnglish language _xPrimary Schools |
|
| 655 | _aTextbooks for foreigners | ||
| 700 | 1 |
_aFREEBAIRN, Ingrid. _eco-author |
|
| 700 | 1 |
_aSAPIEJEWSKA, Dorota. _eco-author |
|
| 020 | _a0582838479 | ||
| 040 | _cBPK | ||
| 041 | 0 | _aeng | |
| 920 | _a0-582-83847-9 | ||
| 942 | _cKS | ||
| 008 | s uk f |000 0 eng | ||
| 999 |
_c49015 _d49015 |
||